000
00271nam a2200145Ia 4500
100
_a
Penquin
650
_a
General
942
_c
BK
654
_a
world
245
_a
World Atlas
260
_b
Genesis Mark
082
_a
900
_b
PEN
300
_a
160
546
_a
ENGLISH
999
_c
30508
_d
30508